[Event "GCT Rapid Paris 2017"]
[Site "Paris FRA"]
[Date "2017.06.22"]
[Round "5.4"]
[White "Caruana,F"]
[Black "Mamedyarov,S"]
[Result "0-1"]
[WhiteElo "2808"]
[BlackElo "2800"]

1.e4 e5 2.Nf3 Nc6 3.Bb5 a6 4.Ba4 Nf6 5.O-O Nxe4 6.d4 b5 7.Bb3 d5 8.dxe5 Be6
9.Qe2 Nc5 10.Nc3 Nxb3 11.cxb3 Be7 12.Be3 O-O 13.h3 Qd7 14.Rad1 f6 15.exf6 Rxf6
16.Ng5 Rd8 17.Rfe1 Rf5 18.Nce4 h6 19.Nxe6 Qxe6 20.Ng3 Re5 21.Qd3 Bc5 22.Rc1 Bb6
23.Re2 Nb4 24.Qd2 d4 25.Bf4 Rxe2 26.Nxe2 Nxa2 27.Re1 Re8 28.Kf1 Qxb3 29.Nxd4 Rxe1+
30.Kxe1 Qa4 31.Nc2 Ba5 32.b4 Nxb4  0-1

[Event "GCT Rapid Paris 2017"]
[Site "Paris FRA"]
[Date "2017.06.23"]
[Round "7.1"]
[White "Bacrot,E"]
[Black "Mamedyarov,S"]
[Result "1/2-1/2"]
[WhiteElo "2708"]
[BlackElo "2800"]

1.e4 c6 2.Nf3 d5 3.Nc3 Bg4 4.h3 Bxf3 5.Qxf3 e6 6.Be2 Bc5 7.O-O Ne7 8.Na4 Bd6
9.d4 dxe4 10.Qxe4 Nd7 11.Rd1 O-O 12.Nc3 Nd5 13.Qf3 Nxc3 14.Qxc3 Qh4 15.Qf3 Nf6
16.Bf1 Rad8 17.c3 h6 18.g3 Qe4 19.Qxe4 Nxe4 20.Bg2 Nf6 21.Kf1 a5 22.b3 Rd7
23.Bb2 Rfd8 24.Ke2 Nd5 25.c4 Ne7 26.Be4 Bc7 27.Rd2 f5 28.Bc2 Kf7 29.Rad1 g5
30.Kf1 b6 31.Re2 Ng6 32.Rde1 Re7 33.Rd1 Red7 34.Rde1 Re7 35.Rd1 Red7 36.Rde1  1/2-1/2

[Event "GCT Rapid Paris 2017"]
[Site "Paris FRA"]
[Date "2017.06.23"]
[Round "9.1"]
[White "Grischuk,A"]
[Black "Mamedyarov,S"]
[Result "1-0"]
[WhiteElo "2761"]
[BlackElo "2800"]

1.e4 e5 2.Nf3 Nc6 3.Bb5 a6 4.Ba4 Nf6 5.O-O Nxe4 6.d4 b5 7.Bb3 d5 8.dxe5 Be6
9.c3 Be7 10.Bf4 O-O 11.Nd4 Na5 12.f3 Nxb3 13.axb3 Nc5 14.b4 Nd7 15.Nc6 Qe8
16.Nd2 Bh4 17.Bg3 Bxg3 18.hxg3 f6 19.Re1 fxe5 20.Nxe5 Nxe5 21.Rxe5 Qg6 22.Nb3 Bf7
23.g4 Rfe8 24.Rxe8+ Rxe8 25.Qd2 Re5 26.Nd4 h5 27.gxh5 Qxh5 28.Qf4 Re7 29.Kf2 Bg6
30.Rxa6 Qh1 31.Ne6 Re8 32.Qd4 Qh6 33.Nxc7 Re7 34.Nxd5 Rf7 35.Ne3 Kh7 36.Ra7 Rxa7
37.Qxa7 Qh4+ 38.Ke2 Qh1 39.Qd4 Qc1 40.Qd2 Qb1 41.Kf2 Bd3 42.Kg3 Bg6 43.Qe2 Bd3
44.Qd1  1-0

[Event "GCT Blitz Paris 2017"]
[Site "Paris FRA"]
[Date "2017.06.25"]
[Round "10.2"]
[White "Bacrot,E"]
[Black "Mamedyarov,S"]
[Result "0-1"]
[WhiteElo "2708"]
[BlackElo "2800"]

1.e4 c6 2.Nf3 d5 3.Nc3 Bg4 4.h3 Bxf3 5.Qxf3 e6 6.Be2 Bc5 7.O-O Ne7 8.Rd1 d4
9.Nb1 O-O 10.d3 Bd6 11.g3 c5 12.a4 Nbc6 13.Qg2 a6 14.f4 b5 15.e5 Bc7 16.Bf3 Qd7
17.Nd2 Rab8 18.axb5 axb5 19.Ne4 Bb6 20.Nd6 Bc7 21.Ne4 Bb6 22.Bd2 c4 23.Kh2 Nd5
24.Nd6 cxd3 25.cxd3 Nce7 26.Rdc1 Ne3 27.Qh1 f6 28.exf6 Rxf6 29.Ne4 Rh6 30.h4 Ng6
31.h5 e5 32.Ng5 exf4 33.Bxe3 dxe3 34.Bd5+ Kh8 35.Nf7+ Qxf7 36.Bxf7 Rxh5+
37.Kg2 f3+ 38.Kxf3 Rxh1 39.Rxh1 Ne5+  0-1

[Event "GCT Blitz Paris 2017"]
[Site "Paris FRA"]
[Date "2017.06.25"]
[Round "11.4"]
[White "Mamedyarov,S"]
[Black "Topalov,V"]
[Result "1-0"]
[WhiteElo "2800"]
[BlackElo "2749"]

1.d4 d5 2.c4 c6 3.Nf3 a6 4.Qc2 g6 5.e4 dxe4 6.Qxe4 Bg7 7.Nc3 Nh6 8.Bg5 Nf5
9.O-O-O Nd7 10.g4 Nd6 11.Qe3 Nf6 12.h3 h5 13.gxh5 Rxh5 14.h4 Bg4 15.Be2 Nf5
16.Qd3 b5 17.Rhg1 bxc4 18.Qxc4 Nd6 19.Qa4 Qc8 20.Bxf6 Bxf6 21.Rxg4 Qxg4 22.Qxc6+  1-0

[Event "GCT Blitz Paris 2017"]
[Site "Paris FRA"]
[Date "2017.06.25"]
[Round "12.3"]
[White "Grischuk,A"]
[Black "Mamedyarov,S"]
[Result "0-1"]
[WhiteElo "2761"]
[BlackElo "2800"]

1.e4 e5 2.Nf3 Nc6 3.Bb5 a6 4.Ba4 Nf6 5.d3 b5 6.Bb3 Bc5 7.c3 d6 8.Bg5 h6 9.Bh4 Bb6
10.Nbd2 O-O 11.O-O Be6 12.Re1 Kh7 13.Bc2 Ne7 14.d4 Ng6 15.Bg3 Re8 16.Nf1 Nh5
17.Ne3 Nxg3 18.hxg3 c5 19.Nf5 cxd4 20.cxd4 exd4 21.Bb3 d5 22.N3xd4 Qf6 23.Nxe6 fxe6
24.Ne3 Rf8 25.Qe2 d4 26.Ng4 Qg5 27.Rad1 h5 28.Nh2 d3 29.Nf3 Qxg3 30.Qxd3 Bxf2+
31.Kh1 Nh4 32.e5+ Kh8 33.Rg1 Nxf3  0-1

[Event "GCT Blitz Paris 2017"]
[Site "Paris FRA"]
[Date "2017.06.25"]
[Round "13.3"]
[White "Carlsen,M"]
[Black "Mamedyarov,S"]
[Result "1/2-1/2"]
[WhiteElo "2832"]
[BlackElo "2800"]

1.e4 e5 2.Nf3 Nc6 3.Bc4 Bc5 4.O-O Nf6 5.d3 d6 6.c3 a6 7.a4 Ba7 8.Re1 h6 9.Nbd2 O-O
10.Nf1 Re8 11.Qb3 Qe7 12.a5 Rb8 13.Be3 Be6 14.Bxe6 Qxe6 15.Qxe6 Rxe6 16.Bxa7 Nxa7
17.Ne3 Rd8 18.b4 d5 19.Rad1 dxe4 20.dxe4 Rxd1 21.Rxd1 Nxe4 22.Rd8+ Kh7 23.Rd7 Nxc3
24.Rxc7 Nc6 25.Rxf7 e4 26.Nd2 Re7 27.Rxe7 Nxe7 28.Nec4 Nc6 29.Nd6 Nxb4 30.Nxb7 Nc6
31.Nc4 Ne2+ 32.Kf1 Ned4 33.Nc5 Kg6 34.Nxe4 Nb3 35.Ke2 Kf5 36.Kd3 Ncxa5 37.Nxa5 Nxa5
38.Nc5 Nc6 39.Nxa6 Ne5+ 40.Ke2 g5 41.Nc5 h5 42.Nd3 Ng4 43.h3 Nf6 44.Ke3 Nd5+
45.Kd4 Ne7 46.Nb4 Ng6 47.Nd5 g4 48.Ke3 Nh4 49.Nf4 Kg5 50.Ke4 gxh3 51.gxh3 Kh6
52.Ne6 Kg6 53.Nf4+ Kg5 54.Nd5 Ng6 55.f4+ Kh4 56.f5 Nf8 57.Nf4 Nd7 58.Ng6+ Kxh3
59.Kf4 h4 60.Kg5 Nc5 61.Nxh4 Ne4+ 62.Kf4 Nd6 63.Nf3 Nxf5  1/2-1/2

[Event "GCT Blitz Paris 2017"]
[Site "Paris FRA"]
[Date "2017.06.25"]
[Round "14.2"]
[White "Mamedyarov,S"]
[Black "Karjakin,Sergey"]
[Result "0-1"]
[WhiteElo "2800"]
[BlackElo "2781"]

1.d4 Nf6 2.c4 e6 3.Nc3 Bb4 4.Nf3 b6 5.e3 Bb7 6.Bd3 O-O 7.O-O c5 8.Na4 cxd4
9.exd4 Bxf3 10.Qxf3 Nc6 11.Be3 e5 12.d5 e4 13.Bxe4 Ne5 14.Qf4 Re8 15.Bf3 Bd6
16.Qd4 Nxf3+ 17.gxf3 Qc7 18.Nc3 Bxh2+ 19.Kg2 Be5 20.Nb5 Qd8 21.Qd3 Bxb2 22.Rab1 Be5
23.Rh1 a6 24.Nd4 g6 25.Rh3 b5 26.cxb5 Nxd5 27.bxa6 Qf6 28.Nb5 Nxe3+ 29.Qxe3 Bf4
30.Qd3 Rxa6 31.a3 Rae6 32.Nc3 Qg5+ 33.Kf1 Rd6 34.Qb5 Qxb5+ 35.Rxb5 Kg7 36.Rh4 g5
37.Rh1 Rd3 38.Ne4 d5 39.Nc5 Rxf3 40.a4 Ra3 41.Kg2 Re2 42.Rf1 h6 43.a5 Bd6
44.Nb3 Rb2 45.Nd4 Be5 46.Rxb2 Bxd4 47.Rb5 Bc3 48.Rxd5 Rxa5 49.Rxa5 Bxa5 50.Kg3 Bc7+
51.Kf3 Kg6 52.Rc1 Be5 53.Rc8 h5 54.Ke4 f6 55.Rg8+ Kf7 56.Rh8 h4 57.Kf5 Kg7
58.Ra8 h3 59.Ra7+ Kh6 60.Rb7 h2 61.Rb1 Kh5 62.Rb8 Bxb8  0-1

[Event "GCT Blitz Paris 2017"]
[Site "Paris FRA"]
[Date "2017.06.25"]
[Round "15.1"]
[White "Vachier Lagrave,M"]
[Black "Mamedyarov,S"]
[Result "1-0"]
[WhiteElo "2796"]
[BlackElo "2800"]

1.e4 c6 2.Nf3 d5 3.Nc3 Bg4 4.h3 Bxf3 5.Qxf3 e6 6.Be2 Bc5 7.O-O Ne7 8.Na4 Bd6
9.d4 dxe4 10.Qxe4 Nd7 11.Rd1 O-O 12.Qf3 Qa5 13.Nc3 Nf6 14.Ne4 Nxe4 15.Qxe4 Rad8
16.a4 Rd7 17.c3 Rfd8 18.Bc4 Qh5 19.Re1 a5 20.Be2 Qg6 21.Qxg6 Nxg6 22.g3 h6
23.h4 Ne7 24.h5 Nd5 25.Kg2 Nf6 26.Bf3 Kf8 27.Re2 Nd5 28.Bd2 Nb6 29.b3 Nd5
30.Rh1 Be7 31.Be1 b6 32.Be4 c5 33.dxc5 bxc5 34.c4 Nb4 35.Bc3 Rb8 36.Rd2 Rxd2
37.Bxd2 Bf6 38.Kf3 Bd4 39.g4 f6 40.Bf4 e5 41.Bd2 Rd8 42.Ke2 Ke7 43.Rd1 Kd6
44.f4 Kc7 45.g5 hxg5 46.fxg5 fxg5 47.Rf1 g4 48.Rf5 Kc8 49.Rf7 Rh8 50.Bf5+ Kb8
51.Bxg4 e4 52.Bf4+ Ka8 53.Bf5 Re8 54.Bg6 Re6 55.Bf5 Re8 56.Bd6 Nd3 57.Bd7  1-0

[Event "GCT Blitz Paris 2017"]
[Site "Paris FRA"]
[Date "2017.06.25"]
[Round "17.4"]
[White "So,W"]
[Black "Mamedyarov,S"]
[Result "1/2-1/2"]
[WhiteElo "2812"]
[BlackElo "2800"]

1.Nf3 Nf6 2.c4 g6 3.Nc3 d5 4.cxd5 Nxd5 5.e4 Nxc3 6.dxc3 Qxd1+ 7.Kxd1 Nd7
8.Bf4 c6 9.Kc2 Nc5 10.Nd2 Bg7 11.Be3 Na4 12.Bc4 Nb6 13.Bb3 Nd7 14.a4 O-O
15.h4 h5 16.a5 Ne5 17.f3 Rd8 18.Rhd1 Kf8 19.Nc4 Rxd1 20.Rxd1 Ke8 21.Nd2 Bf6
22.Bd4 b6 23.Ra1 Bb7 24.g3 c5 25.Bxe5 Bxe5 26.f4 Bc7 27.axb6 axb6 28.Rxa8+ Bxa8
29.Bd5 Bxd5 30.exd5 Kd7 31.Kd3 Kd6 32.c4 e6 33.Ne4+ Kd7 34.dxe6+ Kxe6 35.Nc3 Bd8
36.Nd5 Kf5 37.Ne3+ Ke6 38.b3 Be7 39.Nd5 Bd8 40.Ke4 f5+ 41.Kd3 Kd6 42.Kc3 b5
43.Kd3 Kc6 44.Nc3 b4 45.Nd5 Kd6 46.Ke3 Ke6 47.Kd3 Kd6 48.Ke3  1/2-1/2

[Event "GCT Blitz Paris 2017"]
[Site "Paris FRA"]
[Date "2017.06.25"]
[Round "18.2"]
[White "Mamedyarov,S"]
[Black "Caruana,F"]
[Result "1-0"]
[WhiteElo "2800"]
[BlackElo "2808"]

1.d4 d6 2.Nf3 Nf6 3.g3 g6 4.Bg2 Bg7 5.O-O O-O 6.c4 Bf5 7.Re1 c6 8.Nc3 Ne4
9.Qb3 Qb6 10.g4 Nxc3 11.gxf5 Ne4 12.fxg6 hxg6 13.Qd3 d5 14.b3 Nd7 15.Be3 e6
16.h4 f5 17.cxd5 exd5 18.Bf4 Rae8 19.e3 Qd8 20.Kf1 Ndf6 21.Ke2 Ng4 22.Rf1 c5
23.Rac1 b6 24.dxc5 bxc5 25.Rc2 Rf7 26.Ng5 Rd7 27.Bf3 Ngf6 28.Rd1 c4 29.bxc4 d4
30.c5 Nd5 31.Qc4 Kh8 32.Kf1 Nxf4 33.exf4 Qc7 34.c6 Rde7 35.Bxe4 fxe4 36.Rxd4 Qxf4
37.Rd7 Qxh4 38.Rxe7 Rxe7 39.c7 Qh1+ 40.Ke2 Qh5+ 41.Ke1 Qh1+ 42.Ke2 Qh5+ 43.Ke1 Qh1+
44.Kd2 Rd7+ 45.Ke3 Qe1+ 46.Kf4 Be5+ 47.Kxe5 Qa5+ 48.Qc5  1-0

[Event "Geneva Grand Prix 2017"]
[Site "Geneva SUI"]
[Date "2017.07.06"]
[Round "1.2"]
[White "Gelfand,B"]
[Black "Mamedyarov,S"]
[Result "1/2-1/2"]
[WhiteElo "2728"]
[BlackElo "2800"]

1.Nf3 d5 2.d4 e6 3.c4 a6 4.cxd5 exd5 5.Nc3 Nf6 6.Qb3 b5 7.Bg5 Be6 8.Qc2 Nbd7
9.e3 c5 10.dxc5 Bxc5 11.Bd3 h6 12.Bh4 Rc8 13.O-O O-O 14.Qb1 g5 15.Bg3 Nh5
16.Ne2 Nxg3 17.hxg3 Qf6 18.a4 Ne5 19.Nxe5 Qxe5 20.axb5 axb5 21.b4 Bb6 22.Ra6 Rb8
23.Qa1 Qxa1 24.Rfxa1 d4 25.Nxd4 Bxd4 26.exd4 Rfd8 27.Rd1 Kg7 28.Be4 Bd5 29.Bxd5 Rxd5
30.Rc6 Rbd8 31.Rc5 Rxd4 32.Rxd4 Rxd4 33.Rxb5 Rd1+ 34.Kh2 g4 35.f3 Rb1 36.fxg4 Kg6
37.Rb8 Kf6 38.b5 Kg6 39.b6 Kg7  1/2-1/2

[Event "Geneva Grand Prix 2017"]
[Site "Geneva SUI"]
[Date "2017.07.07"]
[Round "2.4"]
[White "Mamedyarov,S"]
[Black "Inarkiev,E"]
[Result "1-0"]
[WhiteElo "2800"]
[BlackElo "2707"]

1.d4 Nf6 2.Nf3 d5 3.c4 e6 4.Bg5 Bb4+ 5.Nbd2 dxc4 6.e3 b5 7.a4 c6 8.Be2 Nbd7
9.O-O Qb6 10.Qc2 Bb7 11.b3 c3 12.Nb1 c5 13.Nxc3 cxd4 14.Nxb5 Rc8 15.Qb2 a6
16.a5 Qc5 17.exd4 Qf5 18.Bd2 Be7 19.Nc3 O-O 20.Nh4  1-0

[Event "Geneva Grand Prix 2017"]
[Site "Geneva SUI"]
[Date "2017.07.08"]
[Round "3.2"]
[White "Harikrishna,P"]
[Black "Mamedyarov,S"]
[Result "1/2-1/2"]
[WhiteElo "2737"]
[BlackElo "2800"]

1.e4 e5 2.Nf3 Nc6 3.Bc4 Bc5 4.c3 Nf6 5.d3 a6 6.O-O d6 7.a4 Ba7 8.Re1 O-O
9.h3 b5 10.Ba2 b4 11.Bg5 Rb8 12.Nbd2 h6 13.Bh4 Be6 14.Bc4 g5 15.Bg3 Na5 16.Bxe6 fxe6
17.d4 bxc3 18.bxc3 Nh5 19.Bh2 exd4 20.cxd4 Nc6 21.Rc1 Qd7 22.Re3 Rb7 23.Nb3 e5
24.Nxe5 dxe5 25.Qxh5 Kh7 26.Rec3 Nxd4 27.Bxe5 Rxf2 28.Kh2 Ne6 29.Rd1 Qe7
30.Qg4 Qf7 31.Rc6 h5 32.Qg3 Rf1 33.Qd3 Rxd1 34.Qxd1  1/2-1/2

[Event "Geneva Grand Prix 2017"]
[Site "Geneva SUI"]
[Date "2017.07.09"]
[Round "4.3"]
[White "Mamedyarov,S"]
[Black "Eljanov,P"]
[Result "1/2-1/2"]
[WhiteElo "2800"]
[BlackElo "2739"]

1.d4 Nf6 2.c4 e6 3.Nf3 b6 4.a3 Bb7 5.Nc3 d5 6.cxd5 Nxd5 7.Qc2 Nxc3 8.bxc3 c5
9.e4 Nd7 10.Bd3 Qc7 11.Bb2 cxd4 12.cxd4 Qxc2 13.Bxc2 Rc8 14.Bd3 Bd6 15.Ke2 Ke7
16.a4 Bb4 17.Rhb1 Rhd8 18.Bc1 a5 19.Bg5+ f6 20.Bd2 Bxd2 21.Nxd2 Rc3 22.Rc1  1/2-1/2

[Event "Geneva Grand Prix 2017"]
[Site "Geneva SUI"]
[Date "2017.07.10"]
[Round "5.1"]
[White "Mamedyarov,S"]
[Black "Radjabov,T"]
[Result "1/2-1/2"]
[WhiteElo "2800"]
[BlackElo "2724"]

1.d4 Nf6 2.c4 e6 3.Nf3 d5 4.Nc3 Bb4 5.Bg5 h6 6.Bxf6 Qxf6 7.e3 O-O 8.Rc1 dxc4
9.Bxc4 c5 10.Qb3 cxd4 11.Qxb4 Nc6 12.Qa3 dxc3 13.Qxc3 Qxc3+ 14.Rxc3 Bd7 15.Ke2 Rfd8
16.Rd1 Be8 17.Rxd8  1/2-1/2

[Event "Geneva Grand Prix 2017"]
[Site "Geneva SUI"]
[Date "2017.07.12"]
[Round "6.3"]
[White "Svidler,P"]
[Black "Mamedyarov,S"]
[Result "1/2-1/2"]
[WhiteElo "2749"]
[BlackElo "2800"]

1.c4 Nf6 2.Nf3 e6 3.g3 d5 4.Bg2 Be7 5.O-O O-O 6.b3 b6 7.cxd5 Nxd5 8.d4 Bb7
9.Re1 c5 10.e4 Nf6 11.Nc3 Nc6 12.d5 exd5 13.e5 Ne8 14.Nxd5 Nc7 15.Nxe7+ Qxe7
16.Nh4 Qe6 17.Bg5 h6 18.Bf6 gxf6 19.Qh5 fxe5 20.Nf5 Qg6 21.Qxg6+ fxg6 22.Bxc6 gxf5
23.Bxb7 Rae8 24.Rad1 Kg7 25.Bc6 Re7 26.h3 Kf6 27.Rd6+ Re6 28.Red1 e4 29.a4 Rf7
30.f4 exf3 31.Bxf3 Re7 32.Kf2 Rxd6 33.Rxd6+ Kg7 34.Be2 Ne6 35.h4 f4 36.g4 Nd4
37.Bc4 Re3 38.Rd7+ Kg6 39.Rd6+ Kg7 40.Rd7+ Kg6 41.Rd6+  1/2-1/2

[Event "Geneva Grand Prix 2017"]
[Site "Geneva SUI"]
[Date "2017.07.13"]
[Round "7.3"]
[White "Mamedyarov,S"]
[Black "Nepomniachtchi,I"]
[Result "1/2-1/2"]
[WhiteElo "2800"]
[BlackElo "2742"]

1.d4 Nf6 2.c4 g6 3.Nc3 d5 4.cxd5 Nxd5 5.Nf3 Bg7 6.e4 Nxc3 7.bxc3 c5 8.Rb1 O-O
9.Be2 b6 10.O-O Bb7 11.Qd3 Ba6 12.Qe3 Qd7 13.dxc5 Bxe2 14.Qxe2 bxc5 15.Rd1 Qe6
16.h4 Nc6 17.Ng5 Qf6 18.Be3 Rad8 19.Bxc5 Qxc3 20.Rdc1 Qa5 21.Nf3 Rfe8 22.e5 Rd5
23.e6 f5 24.Qc4 Red8 25.Rb7 Ne5 26.Qxd5 Rxd5 27.Bxe7 Nxf3+ 28.gxf3 Bc3 29.Bg5 f4
30.Rb8+ Kg7 31.Rb7+ Kg8 32.Rb8+  1/2-1/2

[Event "Geneva Grand Prix 2017"]
[Site "Geneva SUI"]
[Date "2017.07.14"]
[Round "8.2"]
[White "Grischuk,A"]
[Black "Mamedyarov,S"]
[Result "1/2-1/2"]
[WhiteElo "2761"]
[BlackElo "2800"]

1.e4 e5 2.Nf3 Nc6 3.Bb5 a6 4.Ba4 Nf6 5.O-O Be7 6.Re1 b5 7.Bb3 d6 8.c3 O-O
9.h3 Nb8 10.d4 Nbd7 11.Nbd2 Bb7 12.Bc2 Re8 13.Nf1 Bf8 14.Ng3 g6 15.a4 c6
16.Bg5 h6 17.Be3 Qc7 18.Bd3 Bg7 19.Qc1 Kh7 20.b4 Rac8 21.Qd2 exd4 22.cxd4 Nb6
23.axb5 cxb5 24.d5 Nfd7 25.Bd4 Ne5 26.Nxe5 dxe5 27.Rac1 Qd6 28.Bc5 Qf6 29.Nf1 Nd7
30.Rc2 Rc7 31.Qe3 Rec8 32.Nd2 Qf4 33.d6 Nxc5 34.dxc7 Qxe3 35.Rxe3 Ne6 36.Nb3 Bf8
37.Be2 Bxb4 38.Bg4 Rxc7 39.Rxc7 Nxc7 40.Rd3 Ne8 41.Rd7 Nd6 42.f4 Bc8 43.Rc7 Bxg4
44.hxg4 Kg8 45.fxe5 Nxe4 46.Rc8+ Kg7 47.Ra8 Bc3 48.Kf1 Bxe5 49.Ke2 Kf6 50.Rxa6+ Kg5
51.Kf3 Nf6 52.Ra7 Nxg4 53.Rxf7 Bc3 54.Rb7 Ne5+ 55.Ke4 b4 56.Nd4 Nc4 57.Kd3 Ne5+
58.Ke4 Nc4 59.Kd3  1/2-1/2

[Event "Geneva Grand Prix 2017"]
[Site "Geneva SUI"]
[Date "2017.07.15"]
[Round "9.3"]
[White "Mamedyarov,S"]
[Black "Li Chao2"]
[Result "1/2-1/2"]
[WhiteElo "2800"]
[BlackElo "2735"]

1.d4 Nf6 2.c4 g6 3.Nf3 Bg7 4.g3 c6 5.Bg2 d5 6.cxd5 cxd5 7.Ne5 Ne4 8.Nd2 Nf6
9.Nb1 Ne4 10.Nc3 Nxc3 11.bxc3 O-O 12.O-O Nc6 13.Nxc6 bxc6 14.Qa4 Qb6 15.Ba3 Qa6
16.Qxa6 Bxa6 17.Rfb1 Rfb8 18.Bxe7 Bxe2 19.Bd6 Rxb1+ 20.Rxb1 Bb5  1/2-1/2

[Event "FIDE World Cup 2017"]
[Site "Tbilisi GEO"]
[Date "2017.09.03"]
[Round "1.1"]
[White "Liu Guanchu"]
[Black "Mamedyarov,S"]
[Result "0-1"]
[WhiteElo "2455"]
[BlackElo "2797"]

1.e4 e5 2.Nf3 Nc6 3.Bb5 a6 4.Bxc6 dxc6 5.O-O Bd6 6.d4 exd4 7.Qxd4 f6 8.Nc3 Ne7
9.Be3 Ng6 10.Nd2 Be6 11.f4 Bf7 12.Rad1 O-O 13.Nb3 Qe7 14.Qd2 Bb4 15.e5 Rad8
16.exf6 Qxf6 17.Nd5 Bxd5 18.Qxb4 Nh4 19.Rd2 Qg6 20.f5 Nxf5 21.Bc5 Nd6 22.Rxf8+ Rxf8
23.Bxd6 cxd6 24.Qxb7 Qe4 25.h3 h6 26.Qb6 Qe1+  0-1

[Event "FIDE World Cup 2017"]
[Site "Tbilisi GEO"]
[Date "2017.09.04"]
[Round "1.2"]
[White "Mamedyarov,S"]
[Black "Liu Guanchu"]
[Result "1/2-1/2"]
[WhiteElo "2797"]
[BlackElo "2455"]

1.d4 e6 2.c4 Nf6 3.g3 c5 4.d5 exd5 5.cxd5 b5 6.e4 Nxe4 7.Qe2 Qe7 8.Bg2 Nd6
9.Be3 b4 10.Bxc5 Qxe2+ 11.Nxe2 Na6 12.Bd4 f6 13.Nd2 Bb7 14.Rc1 Kf7 15.Nb3 Be7
16.Na5 Rhb8 17.Be3 Bd8 18.Nxb7 Rxb7 19.Kd2 b3 20.a3 Ba5+ 21.Kd3 Bb6 22.Rc3 Ba5
23.Rcc1 Bb6 24.Rc3 Ba5 25.Rcc1 Bb6 26.g4 Re8 27.Ng3 Bxe3 28.fxe3 Kf8 29.h3 Nf7
30.Ne4 Rb5 31.Kd4 Ra5 32.Bf1 d6 33.Bxa6 Rxa6 34.Nd2 Ne5 35.e4 Ra4+ 36.Ke3 Nd7
37.Nc4 Ke7 38.Rhd1 Nc5 39.Rd4 Kd7 40.Rc3 h6 41.Rc1 g6 42.Nd2 Rxd4 43.Kxd4 f5
44.gxf5 gxf5 45.Re1 Rg8 46.e5 Rg3 47.exd6 Rd3+ 48.Kxc5 Rxd2 49.Re7+ Kd8 50.Rxa7 Rxb2
51.Ra8+ Kd7 52.Ra7+ Kd8 53.Rb7 f4 54.Kc4 Rb1 55.Rf7 Rd1 56.Kxb3 Rxd5 57.Rxf4 Rd3+
58.Kb4 Rxh3 59.a4 Kd7 60.Rd4 Rh1 61.a5 Rb1+ 62.Ka4 Ra1+ 63.Kb5 Rb1+ 64.Kc5 Ra1
65.Kb6 Rb1+ 66.Ka7 h5 67.a6 h4 68.Rxh4 Kxd6 69.Rh7 Kc6 70.Rb7 Ra1 71.Rb2 Kc7
72.Rc2+ Kd7 73.Rc4 Rb1 74.Rh4 Kc7 75.Rh7+ Kc8 76.Rb7 Ra1 77.Rb4 Kc7 78.Rc4+ Kd7
79.Kb6 Rb1+ 80.Ka5 Ra1+ 81.Ra4 Rxa4+ 82.Kxa4 Kc7 83.a7 Kb7 84.Ka3 Kxa7  1/2-1/2

[Event "FIDE World Cup 2017"]
[Site "Tbilisi GEO"]
[Date "2017.09.06"]
[Round "2.1"]
[White "Mamedyarov,S"]
[Black "Kuzubov,Y"]
[Result "1/2-1/2"]
[WhiteElo "2797"]
[BlackElo "2688"]

1.d4 Nf6 2.c4 e6 3.Nf3 d5 4.Nc3 Nbd7 5.Bf4 dxc4 6.e3 b5 7.Nxb5 Bb4+ 8.Nc3 Nd5
9.a3 Nxc3 10.Qd2 Nd5 11.axb4 Nxf4 12.exf4 Nb6 13.Be2 Bb7 14.O-O O-O 15.Ne5 Qd6
16.Rfd1 Rfb8 17.Ra5 f6 18.Nxc4 Nxc4 19.Bxc4 Bxg2 20.Kxg2 Qc6+ 21.d5 Qxc4
22.Rc5 Qe4+ 23.f3 Qg6+ 24.Kh1 Rd8 25.Rg1 Qf7 26.dxe6 Rxd2 27.exf7+ Kf8 28.Rxc7  1/2-1/2

[Event "FIDE World Cup 2017"]
[Site "Tbilisi GEO"]
[Date "2017.09.07"]
[Round "2.2"]
[White "Kuzubov,Y"]
[Black "Mamedyarov,S"]
[Result "1/2-1/2"]
[WhiteElo "2688"]
[BlackElo "2797"]

1.e4 e5 2.Nf3 Nc6 3.Bb5 a6 4.Ba4 Nf6 5.O-O Be7 6.d3 d6 7.c3 O-O 8.Re1 Re8
9.Nbd2 Bf8 10.Nf1 b5 11.Bb3 Na5 12.Bc2 c5 13.d4 exd4 14.cxd4 Bg4 15.Ng3 Nc6
16.Be3 d5 17.dxc5 Nxe4 18.h3 Bxf3 19.Qxf3 Nxg3 20.Qxg3 Qf6 21.Bb3 d4 22.Bg5 Qf5
23.Qf4 Qd7 24.Qg4 Qxg4 25.hxg4 Rxe1+ 26.Rxe1 Rc8 27.Bd5 Nb4 28.Be4 Rxc5 29.Bd2 Nc2
30.Rc1 d3 31.Bxd3 Nb4 32.Bb1 Rxc1+ 33.Bxc1 g6 34.Kf1 Bg7 35.Ke2 Kf8 36.Bd2 Nc6
37.Be4 Nd8 38.b3 Ke7 39.a4 Ne6 40.Bb4+ Kd7 41.Bb7 a5 42.Be1 b4 43.Kd1 Kd6
44.Ba6 Ke5 45.Bd2 f5 46.gxf5 gxf5 47.Bc4 Nd4 48.Bg5 Nc6 49.Ke2 f4 50.g3 fxg3
51.fxg3 h6 52.Be3 Ke4 53.Bd3+ Kd5 54.Bh7 Be5 55.g4 Bg7 56.Kf3 Nd4+ 57.Kf2 Ke5
58.Bg8 Ke4 59.Bc4 Nc6 60.Bd2 Ne5 61.Be2 Nf7 62.Bc1 Bf6 63.Bf1 Ne5 64.Kg3 Bg5
65.Bg2+ Kd3 66.Bb2 Nd7 67.Bd5 Bd8 68.Bg7 Bg5 69.Kf3 Nc5 70.Bf8 Kd4 71.Bg8 Nd7
72.Bg7+ Ne5+ 73.Kg3 Ke4 74.Bh7+ Kd5 75.Bf5 Nc6 76.Kf2 Nd4 77.Bh7 Nc6 78.Ke2 Ne5
79.Bf5 Nc6 80.Kf2 Nd4 81.Bg6 Nc6 82.Bf8 Ne5 83.Bf5 Nc6 84.Bg6 Ne5 85.Bf5 Nc6
86.Bd3 Ne5 87.Be2 Ke4 88.Bd6 Bd8 89.Ke1 Kd5 90.Bb8 Ke4 91.Kd2 Bg5+ 92.Kd1 Bd8
93.Bd6 Kd5 94.Bf8 Bg5 95.Kc2 Ke4 96.Bd6 Bd8 97.Bc5 Nd7 98.Bd3+ Kf4 99.Bd6+ Kxg4
100.Bb5 Nf6 101.Kd3 h5 102.Be5 h4 103.Bxf6 Bxf6 104.Ke2 Kg3 105.Bc6 Be7 106.Kf1 Bf6
107.Ke2 Be7 108.Kf1 Bc5 109.Bb7 Bd4 110.Bc6 Bb6 111.Bb7 Bc7 112.Bc6 Be5 113.Bb7 Bc3
114.Bc6 Ba1 115.Bb7 Bg7 116.Bc6 Bf8 117.Bb7 Bd6 118.Kg1 Bc5+ 119.Kh1 Ba7
120.Bd5 Bd4 121.Bc4 Bg7 122.Bb5 Bh8 123.Bc4 h3 124.Bb5 Bg7 125.Bc4 Bh8 126.Bb5 Bg7
127.Bc4 Bh8 128.Bb5 Bg7 129.Bc4 Bh8 130.Bb5  1/2-1/2

[Event "FIDE World Cup 2017"]
[Site "Tbilisi GEO"]
[Date "2017.09.08"]
[Round "2.4"]
[White "Kuzubov,Y"]
[Black "Mamedyarov,S"]
[Result "1-0"]
[WhiteElo "2688"]
[BlackElo "2797"]

1.e4 d6 2.d4 Nf6 3.Nc3 g6 4.f4 Bg7 5.Nf3 O-O 6.Bd3 Nc6 7.e5 Nh5 8.Be3 f6
9.exf6 Nxf6 10.Qd2 Ng4 11.Bg1 Kh8 12.h3 Nf6 13.O-O-O Nb4 14.g4 c6 15.Be2 Qa5
16.Bc4 b5 17.Bb3 Qc7 18.Ng5 d5 19.Ne2 a5 20.c3 a4 21.cxb4 axb3 22.a3 Ne4
23.Nxe4 dxe4 24.Bh2 Qb6 25.f5 gxf5 26.Be5 Bxe5 27.dxe5 c5 28.Kb1 fxg4 29.hxg4 Qg6
30.Nf4 Qxg4 31.Rhg1 e3 32.Qxe3 Qf5+ 33.Ka1 Be6 34.Ng6+ hxg6 35.Qh6+ Kg8 36.Rxg6+ Kf7
37.Rg5 Rxa3+ 38.bxa3 b2+ 39.Kxb2 Qf2+ 40.Kc1 Qe3+ 41.Rd2 Qxa3+ 42.Kd1 Qa1+
43.Kc2 Qa2+ 44.Kc1 Qa3+ 45.Kb1 Qxb4+ 46.Kc1 Qc3+ 47.Kb1 Qb4+ 48.Kc1 Qc4+
49.Kb1 Qe4+ 50.Kb2 Qb4+ 51.Kc1 Qc3+ 52.Kb1 Qb3+ 53.Kc1 Qc4+ 54.Kb1 Qe4+ 55.Kb2 Qb4+
56.Kc1 Qa3+ 57.Kb1 Qb3+ 58.Kc1 Qc3+ 59.Kb1 Qb3+ 60.Kc1 Qc4+ 61.Kb1 Qf1+ 62.Kb2 Bf5
63.e6+  1-0

[Event "FIDE World Cup 2017"]
[Site "Tbilisi GEO"]
[Date "2017.09.08"]
[Round "2.3"]
[White "Mamedyarov,S"]
[Black "Kuzubov,Y"]
[Result "0-1"]
[WhiteElo "2797"]
[BlackElo "2688"]

1.d4 Nf6 2.c4 e6 3.Nf3 d5 4.Nc3 Nbd7 5.Bf4 dxc4 6.e3 b5 7.Nxb5 Bb4+ 8.Nc3 Nd5
9.a3 Nxc3 10.Qd2 Nd5 11.axb4 Nxf4 12.exf4 Bb7 13.Be2 Nb6 14.O-O Qd6 15.Ra5 O-O
16.Rc5 Rfd8 17.Rd1 Na4 18.Ra5 Nb6 19.Ne5 Bd5 20.Rc5 Rab8 21.Ra1 Rb7 22.h4 h6
23.Ra6 Qe7 24.h5 Nd7 25.Nxd7 Rxd7 26.Ra3 Rd6 27.Bxc4 Bxc4 28.Rxc4 Rdb6 29.Ra4 Qd7
30.Ra5 Rb5 31.Qc3 Qd6 32.Rxb5 Rxb5 33.Rxc7 Qxf4 34.Rc5 Rb8 35.b5 Qe4 36.Re5 Qb1+
37.Kh2 Qf1 38.Qc2 Rxb5 39.Rc5 Rb8 40.d5 exd5 41.Rxd5 Re8 42.Qf5 Qe2 43.g3 Qxb2
44.Rd7 Qa2 45.Kg2 a6 46.Rd6 Qc4 47.Kh2 Qb5 48.Qf3 a5 49.Rd5 Qc6 50.Qd3 a4
51.Rd6 Qc5 52.Kg2 Qxh5 53.Ra6 Qg4 54.Qb5 Qe4+ 55.Kg1 Ra8  0-1

[Event "TCh-RUS Rapid 2017"]
[Site "Sochi RUS"]
[Date "2017.10.03"]
[Round "1.1"]
[White "Mamedyarov,S"]
[Black "Kurbedinov,R"]
[Result "1-0"]
[WhiteElo "2791"]
[BlackElo "2309"]

1.d4 Nf6 2.c4 e6 3.Nc3 Bb4 4.g3 d5 5.Bg2 O-O 6.Nf3 dxc4 7.O-O Nc6 8.a3 Bxc3
9.bxc3 Bd7 10.Rb1 Rb8 11.Qc2 Qe7 12.Rd1 Rfd8 13.e4 e5 14.dxe5 Nxe5 15.Nxe5 Qxe5
16.Bf4 Qa5 17.Qd2 Ne8 18.e5 c6 19.e6 Bxe6 20.Bxb8 Rxd2 21.Rxd2 h6 22.Bf4 Nf6
23.Rxb7 Qxa3 24.Bxc6 Bh3 25.Rd1 Qxc3 26.Rxa7 Qc2 27.Rc1 Qe2 28.Be3 c3 29.Ra4 c2
30.Rd4 Bf5 31.h3 Bxh3 32.Rd2 Qh5 33.Rcxc2 Bg4 34.Rc5 Qg6 35.Rd4 Bf5 36.Bf3 Ne4
37.Rxf5  1-0

[Event "TCh-RUS Rapid 2017"]
[Site "Sochi RUS"]
[Date "2017.10.03"]
[Round "2.1"]
[White "Sarana,A"]
[Black "Mamedyarov,S"]
[Result "0-1"]
[WhiteElo "2543"]
[BlackElo "2791"]

1.d4 d6 2.Nf3 f5 3.c4 Nf6 4.Nc3 g6 5.g3 Bg7 6.Bg2 O-O 7.O-O c6 8.Rb1 a5 9.d5 e5
10.dxe6 Bxe6 11.b3 Qe7 12.Bf4 Rd8 13.Qd2 d5 14.cxd5 Nxd5 15.Nxd5 Bxd5 16.Bg5 Bf6
17.Bxf6 Qxf6 18.Rfd1 Nd7 19.Qd4 Qe7 20.e3 Nc5 21.Qe5 Qg7 22.Qxg7+ Kxg7 23.Nd4 Kf6
24.Rbc1 Na6 25.Bf1 Nc7 26.Bc4 a4 27.b4 a3 28.Rd3 Be4 29.Rb3 Ra4 30.Rcc3 Rda8
31.f3 Bd5 32.Kf2 Rd8 33.Bxd5 Nxd5 34.Rc4 g5 35.Nc2 Nc7 36.Rd4 Rxd4 37.Nxd4 Nd5
38.Nc2 Ke5 39.Ke2 h5 40.f4+ Kf6 41.Kd3 Ra8 42.Kc4 gxf4 43.exf4 Re8 44.Rxa3 Re2
45.Nd4 Rb2 46.Kc5 Rxb4 47.Nf3 Ke6 48.Ra7 Rb5+ 49.Kc4 Rb2 50.Nd4+ Kf6 51.Kc5 h4
52.gxh4 Nxf4 53.Nb3 Ne6+ 54.Kc4 b5+ 55.Kc3 Rxh2 56.Ra6 Nd8 57.Nd4 Rxh4 58.Nxb5 Ke5
59.Na3 Rh3+ 60.Kd2 f4 61.Ra5+ Ke4 62.Ra4+ Kf5 63.Nc4 Ne6 64.Nd6+ Ke5 65.Nc4+ Kd5
66.Nb6+ Kc5 67.Nd7+ Kd6 68.Nf6 Rh6 69.Ne4+ Ke5 70.Ng5 Nxg5  0-1